| 000 | 00449nam a2200097Ia 4500 | ||
|---|---|---|---|
| 008 | 180130s9999 xx 000 0 und d | ||
| 245 |
_cMisra, Sanjay; Eronu, Emmanuel _aImplementing reconfigurable wireless sensor networks: the embedded operating system approach |
||
| 260 | _c2015 | ||
| 300 | _aBook title: Embedded systems : high performance systems, applied principles and practice--Acession number C20720; pages 195-206 | ||
| 650 | _aEMBEDDED SYSTEMS | ||
| 999 |
_c353990 _d353990 |
||